000
00287nam a2200109Ia 4500
008
200302s9999 xx 000 0 und d
100
_a
Roderick Ham
245
_a
Theatres Planning Guidance for Design and Adaptation
260
_b
The Architectural Press
260
_c
1987
300
_a
246 P.,
999
_c
749
_d
749